=LDR 00000nam 2200000 4500 =001 INLIS000000000052754 =005 20180227123014 =035 ##$$a 0010-0218000450 =007 ta =008 180227###########################0###### =020 ##$$a 798-602-262-224-6 =082 ##$$a 512.943 4 =084 ##$$a 512.943 4 ADI a =100 #$$a Adi wijaya =245 1#$$a Aplikasi matriks dan ruang vektor /$c Adi wijaya =260 ##$$a Yogyakarta :$b Graha ilmu,$c 2014 =300 ##$$a ix,222 hlm : $b Ilus ; $c 23 cm =500 ##$$a Index : hlm. 218-222 =650 ##$$a Matriks =504 ##$$a Bibliografi : hlm. 199 =990 ##$$a 49964996 =990 ##$$a 49964996 =990 ##$$a 49964996 =990 ##$$a 49964996 =990 ##$$a 49964996 =990 ##$$a 21708891 =990 ##$$a 01201804996 =990 ##$$a 01201804997 =990 ##$$a 01201804998 =990 ##$$a 01201804999 =990 ##$$a 21708892 =990 ##$$a 01201804996 =990 ##$$a 01201804997 =990 ##$$a 01201804998 =990 ##$$a 21708891 =990 ##$$a 21708893 =990 ##$$a 01201804996 =990 ##$$a 01201804997 =990 ##$$a 21708892 =990 ##$$a 21708891 =990 ##$$a 21708894 =990 ##$$a 01201804996 =990 ##$$a 21708893 =990 ##$$a 21708892 =990 ##$$a 21708891 =990 ##$$a 21708895 =990 ##$$a 21708894 =990 ##$$a 21708893 =990 ##$$a 21708892 =990 ##$$a 21708891